000 00909nam a2200253Ia 4500
003 GCL
008 140319s9999 xx 000 0 ara d
020 _a8193322977
040 _aGCL /
_cGCL
082 0 4 _a379
_bش د
100 1 _aشبل بدران
245 1 0 _aديموقراطية التعليم فى الفكر التربوى النقدى /
_cشبل بدران
250 _aالاولى
260 _aالقاهرة :
_bعين للدراسات والبحوث الانسانية والاجتماعية ،
_c2006
300 _a208 ص ؛
_c24 سم
650 0 4 _aالتعليم
650 0 4 _aالتخطيط التربوى
650 0 4 _aالتغير الاجتماعى
650 0 4 _aالتعليم - اقتصاديات
650 0 4 _aالتعليم - مصر
650 0 4 _aالتعليم - اغراضه واهدافه - مصر
650 0 4 _aعلم اجتماع التربية
942 _2ddc
_cBK
999 _c9689
_d9689